LEADER 01343nam a2200337 a 4500 001 000000129199 003 CaOOAMICUS 005 20120606120816.0 008 120606s2003 it u000 u ita r 020 $a88-211-8326-2 040 $aPUL$bita 041 1 $aita$heng 082 04$a909.04 100 1 $aRoth, Cecil,$d1899-1970.$0(OLS)http://pul/name/9090 240 10$aHistory of the marranos.$lItaliano.$0(OLS)http://pul/title/163261 245 10$aStoria dei marrani /$cCecil Roth ; prefazione di Marco Morselli. 260 $aGenova ;$aMilano :$bMarietti,$cİ2003. 300 $aXVI, 340 p. ;$c21 cm. 490 1 $aBiblioteca ebraica ;$v05 500 $aInclude indice. 504 $aBibliografia p. [313]-319. 650 14$aEbrei$zSpagna$xStoria.$0(OLS)http://pul/subject/28499 830 0$aBiblioteca ebraica ;$v05.$0(OLS)http://pul/title/43761 850 $aPUL 852 $aPUL$W1$xSL Cons. Gen., Altre Classi 3$y75$m909. 04 ROTCE 1$j149606$qDDC 21$B148130$CPULBib$Z2$F148130 $H120013 $82 941 1 $a9 996 $6020$a88-211-8326-2$9(OLS)http://pul/number/149925 996 $6082$a909.04$9(OLS)http://pul/classification/2076 996 $6245$aStoria dei marrani$9(OLS)http://pul/title/163262 996 $6260$aGenova ;$aMilano :$bMarietti$9(OLS)http://pul/publisher/74601 LEADER 01223nam a2200289 u 4500 001 000000112506 003 CaOOAMICUS 005 20080710101842.0 008 080710s1991 it u000 u ita u 020 $a88-17-84079-3 040 $aPUL$bita$dLDB 041 1 $aita$heng 100 1 $aHobsbawm, Eric John,$d1917-2012.$0(OLS)http://pul/name/13656 240 10$aEchoes of the marseillaise.$lItaliano.$0(OLS)http://pul/title/141408 245 10$aEchi della marsigliese :$bdue secoli giudicano la Rivoluzione francese /$cEric J. Hobsbawm ; traduzione di Paola Mazzarelli. 260 $aMilano :$bRizzoli,$c1991. 300 $a182 p. ;$c22 cm 500 $aContiene indici. 500 $aBibliografia in nota. 651 4$aFrancia$xStoria$yRivoluzione, 1789-1799.$0(OLS)http://pul/subject/5918 850 $aPUL 852 $aPUL$W1$xDP1 Fondo Fallaci$y66$mB V 2.7$j128710$qFondi$B127662$CPULBib$Z2$F127662 $82 941 1 $a1 961 $aEx libris Oriana Fallaci 996 $6020$a88-17-84079-3$9(OLS)http://pul/number/138381 996 $6245$aEchi della marsigliese :$bdue secoli giudicano la Rivoluzione francese$9(OLS)http://pul/title/141409 996 $6260$aMilano :$bRizzoli$9(OLS)http://pul/publisher/48712